দুটি পাতা একটি কুঁড়ি / (Record no. 49431)
[ view plain ]
| 000 -LEADER | |
|---|---|
| fixed length control field | 01004nam a22002537a 4500 |
| 001 - CONTROL NUMBER | |
| control field | 49431 |
| 003 - CONTROL NUMBER IDENTIFIER | |
| rucl marc code | BD-RjUL |
| 005 - DATE AND TIME OF LATEST TRANSACTION | |
| control field | 20211209054659.0 |
| 008 - FIXED-LENGTH DATA ELEMENTS--GENERAL INFORMATION | |
| fixed length control field | 160820r19571948ii ||||| |||| 00| 0 ben d |
| 020 ## - INTERNATIONAL STANDARD BOOK NUMBER | |
| Terms of availability | : IRs 4.50 |
| 035 ## - SYSTEM CONTROL NUMBER | |
| System control number | (BD-RjUL)49550 |
| 040 ## - CATALOGING SOURCE | |
| Original cataloging agency | BD-RjUL |
| Language of cataloging | ben |
| Transcribing agency | BD-RjUL |
| 041 ## - LANGUAGE CODE | |
| Language code of text/sound track or separate title | ben |
| 082 ## - DEWEY DECIMAL CLASSIFICATION NUMBER | |
| Edition number | 23 |
| Classification number | 891.433 |
| Author mark and year | AND 1957 |
| 100 ## - MAIN ENTRY--PERSONAL NAME | |
| Personal name | আনন্দ, করাজ |
| 9 (RLIN) | 148382 |
| 245 10 - TITLE STATEMENT | |
| Title | দুটি পাতা একটি কুঁড়ি / |
| Statement of responsibility, etc. | করাজ আনন্দ |
| 250 ## - EDITION STATEMENT | |
| Edition statement | ১ম বাংলা সং. |
| 260 ## - PUBLICATION, DISTRIBUTION, ETC. (IMPRINT) | |
| Place of publication, distribution, etc. | কলিকাতা : |
| Name of publisher, distributor, etc. | র্যাডিক্যাল বুক, |
| Date of publication, distribution, etc. | ১৯৪৮ [মুদ্রণ ১৯৫৭] |
| 300 ## - PHYSICAL DESCRIPTION | |
| Pagination | ৩০৩ পৃ. ; |
| Size | ১৭ সেমি. |
| 650 ## - SUBJECT ADDED ENTRY--TOPICAL TERM | |
| Topical term or geographic name as entry element | হিন্দী উপন্যাস |
| 9 (RLIN) | 148383 |
| Topical term or geographic name as entry element | Hindi Fictions |
| 9 (RLIN) | 146822 |
| 700 ## - ADDED ENTRY--PERSONAL NAME | |
| Personal name | চট্রোপাধ্যায়, নৃপেন্দ্রকৃষ্ণ, অনুবাদ |
| 942 ## - ADDED ENTRY ELEMENTS (KOHA) | |
| Source of classification or shelving scheme | Dewey Decimal Classification |
| Koha item type | Books |
| Lost status | Source of classification or shelving scheme | Damaged status | Not for loan | Collection code | Permanent Location | Current Location | Shelving location | Date acquired | Source of acquisition | Cost, normal purchase price | Total Checkouts | Full call number | Date last seen | Copy number | Koha item type |
|---|---|---|---|---|---|---|---|---|---|---|---|---|---|---|---|
| Dewey Decimal Classification | Non-fiction | Central Library, University of Rajshahi | Central Library, University of Rajshahi | 02/07/1960 | Arshi book | 5.36 | B 891.433 AND 1957 | 20/08/2016 | C-2 | Books |